00652nam a22002051 450000100060000000300080000600500170001400800410003103500190007204000320009104100080012308200240013110000200015524501120017526000410028730000490032850000310037750400200040865000180042823443BD-RjUL20211209000930.0140310s1961 enka 001 0 eng d a(BD-RjUL)23508 aDLCcDLCdDLCdBD-RjULbeng aeng00a572.96765bKEF 19611 aKenyatta, Jomo.10aFacing Mount Kenya :bthe tribal life of Gikuyu /cby Jomo Kenyatta, with an introduction by B. Malinowski. aLondon :bSecker and Warburg,c1961. axxv, [1], 339 p.billus. (incl. map)c23 cm. a"First published in 1938." aIncludes index. 0aKikuyu tribe.